First Year - Part 1 (Soccer/Football) - Statistics

General Stats
  • This quiz has been taken 19 times
  • The average score is 3 of 5
Answer Stats
Tournament Answer % Correct
FIFA World Cup 1930
100%
FIFA Women's World Cup 1991
79%
FA Cup 1871
57%
FIFA Club World Cup 2000
43%
Deustscher Pokal 1935
21%
No matching quizzes found
Score Distribution
Percent of People with Each Score
Percentile by Number Answered
Your Score History
You have not taken this quiz